Eggplant Dishes - Sudden Death - Statistics

General Stats
  • This quiz has been taken 44 times
  • The average score is 7 of 16
Answers on the Grid
Answers color-coded by a green-red scale on the quiz's grid according to % correct below.
Parmigiana di melanzane
Moussaka
İmam bayıldı
Badridjani nigvzit
Baba ganoush
Maccheroni alla Norma
Ratatouille
Bagara baingan
Papeton d'aubergine
Papoutsakia
Sabich
Rollatini
Tortang talong
Mirza ghassemi
Melanzane al cioccolato
Zacuscă
Salade liégeoise
Sütlaç
Bucatini all'amatriciana
Croque-monsieur
Pesto rigatoni
Club sandwich
Caesar salad
Caprese salad
Camaron rebosado
Kebab koobideh
Penne alla vodka
Tahdig
 
Answer Stats
Answer % Correct
Baba ganoush
83%
Moussaka
83%
Ratatouille
80%
Papeton d'aubergine
53%
Parmigiana di melanzane
53%
Papoutsakia
47%
Bagara baingan
43%
Maccheroni alla Norma
43%
Melanzane al cioccolato
43%
Tortang talong
37%
Mirza ghassemi
33%
Rollatini
33%
İmam bayıldı
30%
Badridjani nigvzit
27%
Zacuscă
27%
Sabich
17%
No matching quizzes found
Score Distribution
Percent of People with Each Score
Percentile by Number Answered
Your Score History
You have not taken this quiz